KPop Demon Hunters (HUNTR/X & SAJA BOYS) - Toutes les chansons - Statistiques

Statistiques générales
  • Ce quiz a été pris 40 fois
  • Le résultat moyen est 4 sur 6
Statistiques - réponses
Groupes Chansons % Correct
HUNTR/X Golden
100%
SAJA BOYS Soda Pop
91%
HUNTR/X TAKEDOWN
73%
HUNTR/X How It's Done
67%
SAJA BOYS Your Idol
67%
HUNTR/X What It Sounds Like
42%
Aucun quiz correspondant
Distribution des résultats
% des personnes avec chaque résultat
Percentile par nombre de réponses
Votre historique - résultats
Vous n’avez pas pris ce quiz